Expressions Françaises avec des Animaux - Statistiques

Statistiques générales
  • Ce quiz a été pris 1 798 fois
  • Le résultat moyen est 12 sur 16
Statistiques - réponses
Expression Indice Animal % Correct
Avoir un ... dans la gorge Beaucoup tousser Chat
100%
Avoir une faim de ... Avoir très faim Loup
96%
Être une ... mouillée Être peureux Poule
94%
Prendre le ... par les cornes Confronter un problème Taureau
93%
Avoir des ... dans les jambes Avoir des Picotements dans les jambes Fourmis
89%
Avoir des yeux de ... Avoir une bonne vue Lynx
86%
Avoir une mémoire d'... Avoir une excellente mémoire Éléphant
85%
Avoir une langue de ... Être médisant Vipère
76%
Avoir le ... Être déprimé Cafard
73%
Être muet comme une ... Être silencieux Carpe
73%
Être fidèle comme un ... Être très loyal Chien
73%
Être lent comme une ... Être très lent dans tout Tortue
73%
Avoir un cœur de ... Être très courageux Lion
65%
Être malin comme un ... Être très intelligent Singe
58%
Être fier comme un ... Être arrogant Coq
49%
Faire le ... Éviter les conflits Canard
15%
Aucun quiz correspondant
Distribution des résultats
% des personnes avec chaque résultat
Percentile par nombre de réponses
Votre historique - résultats
Vous n’avez pas pris ce quiz